[Event "London Classic op U1750 11th"]
[Site "London"]
[Date "2019.12.03"]
[Round "2"]
[White "Stagno, Milena"]
[Black "Richard Kofi, Mawuena Adanu"]
[Result "0-1"]
[WhiteElo "1296"]
[BlackElo "1579"]
[PlyCount "86"]
[EventDate "2019.12.02"]
[EventType "swiss"]
[EventRounds "5"]
[EventCountry "ENG"]
[SourceTitle "CBM 195 Extra"]
[Source "ChessBase"]
[SourceDate "2020.05.31"]
[SourceVersion "1"]
[SourceVersionDate "2020.05.31"]
[SourceQuality "1"]

1. e4 c5 2. c3 Nc6 3. d4 cxd4 4. cxd4 d6 5. Nc3 g6 6. h3 Bg7 7. Nf3 Nf6 8. Bc4 0-0 9. 0-0 a6 10. Be3 b5 11. Bd3 Bb7 12. d5 Nb8 13. Qb3 Nbd7 14. a4 Rc8 15. axb5 axb5 16. Nxb5 Nc5 17. Bxc5 Rxc5 18. Nxd6 Bxd5 19. exd5 Qxd6 20. Bc4 Nxd5 21. Rfd1 e6 22. Rd2 Rfc8 23. Bxd5 Rxd5 24. Rxd5 Qxd5 25. Qxd5 exd5 26. Rd1 Rc5 27. b3 Kf8 28. Kf1 h6 29. Ke2 Ke7 30. Rd3 Kd6 31. Kd2 Ra5 32. Ke3 h5 33. g3 Bh6+ 34. Ke2 Ra2+ 35. Nd2 Rb2 36. Ke1 Bxd2+ 37. Rxd2 Rxb3 38. Ke2 g5 39. f3 f5 40. Rd1 Ke5 41. Rd3 Rb2+ 42. Ke3 f4+ 43. gxf4+ gxf4# 0-1

[Event "London Classic op U1750 11th"]
[Site "London"]
[Date "2019.12.02"]
[Round "1"]
[White "Richard Kofi, Mawuena Adanu"]
[Black "Volovich, Andrew"]
[Result "0-1"]
[WhiteElo "1579"]
[BlackElo "1307"]
[PlyCount "72"]
[EventDate "2019.12.02"]
[EventType "swiss"]
[EventRounds "5"]
[EventCountry "ENG"]
[SourceTitle "CBM 195 Extra"]
[Source "ChessBase"]
[SourceDate "2020.05.31"]
[SourceVersion "1"]
[SourceVersionDate "2020.05.31"]
[SourceQuality "1"]

1. c4 e6 2. Nc3 d5 3. cxd5 exd5 4. d4 Nf6 5. Nf3 Be7 6. Bg5 0-0 7. e3 Be6 8. Bd3 c5 9. 0-0 c4 10. Bc2 b5 11. Nxb5 Qb6 12. Nc3 Qxb2 13. Na4 Qa3 14. Qb1 Bd7 15. Nc5 h6 16. Bxf6 Bxf6 17. Rc1 Bc6 18. e4 Nd7 19. Nxd7 Bxd7 20. Qb7 dxe4 21. Bxe4 Be6 22. Qc7 Be7 23. Bxa8 Bd6 24. Qb7 f5 25. Qb1 Rxa8 26. Qc2 Rc8 27. Qc3 f4 28. Re1 Qxc3 29. Rxe6 Qxa1+ 30. Re1 Qxa2 31. h3 c3 32. Ne5 Bxe5 33. dxe5 c2 34. e6 c1Q 35. Rxc1 Rxc1+ 36. Kh2 Qxf2 0-1

[Event "Accra zt 4.4"]
[Site "Accra"]
[Date "2019.04.21"]
[Round "1"]
[White "Richard Kofi, Mawuena Adanu"]
[Black "Ebosse, Kingue Victor"]
[Result "0-1"]
[WhiteElo "2190"]
[BlackElo "2055"]
[PlyCount "78"]
[EventDate "2019.04.21"]
[EventType "swiss"]
[EventRounds "9"]
[EventCountry "GHA"]
[SourceTitle "EXT 2020"]
[Source "ChessBase"]
[SourceDate "2019.10.17"]
[SourceVersion "1"]
[SourceVersionDate "2019.10.17"]
[SourceQuality "1"]

1. d4 Nf6 2. c4 g6 3. Nc3 Bg7 4. e4 d6 5. Nf3 0-0 6. Be2 e5 7. dxe5 dxe5 8. Qxd8 Rxd8 9. Nd5 Nxd5 10. cxd5 c6 11. Bc4 cxd5 12. Bxd5 Nc6 13. a3 h6 14. 0-0 Bg4 15. Nd2 Rac8 16. f3 Bd7 17. Nb3 b6 18. Be3 Ne7 19. Rac1 Nxd5 20. Rxc8 Bxc8 21. exd5 Rxd5 22. Rc1 Be6 23. Nd2 f5 24. Nf1 Rb5 25. b4 Rd5 26. Rc7 Rd7 27. Rc8+ Kf7 28. Rc2 g5 29. Bf2 Bb3 30. Rc3 Ba4 31. Rc1 Ke6 32. g3 h5 33. Kg2 Bf6 34. Ne3 g4 35. fxg4 hxg4 36. Rc4 Rd3 37. Nc2 Kd7 38. Ne3 Bc6+ 39. Kf1 Bb5 0-1